| 000 | 00661nam a2200205 a 4500 | ||
|---|---|---|---|
| 001 | 000021511 | ||
| 005 | 20200930011342.0 | ||
| 008 | 100908s1969 ve 000 0 fre d | ||
| 040 |
_aDO-SdBNP _bspa _cBNPHU |
||
| 082 |
_a338.98 _bK17e |
||
| 100 | 1 |
_aKaplan, Marcos. _944830 |
|
| 245 | 1 | 3 |
_aEl estado en el desarrollo y la integración de América Latina : _bensayos / _cMarcos Kaplan. |
| 260 |
_aCaracas : _bMonte Avila, _c1969. |
||
| 300 |
_a237 p. ; _c19 cm. |
||
| 490 | 1 | _aContinente | |
| 651 | 4 |
_aAmérica Latina _xIntegración Económica _928831 |
|
| 651 | 4 |
_aAmérica Latina _xCondiciones Económicas _95778 |
|
| 830 | 0 |
_aContinente _95070 |
|
| 049 | _aBNGR | ||
| 999 |
_c21011 _d21011 |
||